| Registos Bibliográficos associados ao registo de autoridade |
|
Etiqueta de registo: 00254nam 2200025 450 001 2287439 003 http://id.bnportugal.gov.pt/bib/catbnp/2287439 100 ## $a20260602d2026 k y0pory01030103ba 101 0# $apor$deng 102 ## $aPT 105 ## $ay m 000yy 106 ## $ar 200 1# $a O processo de gestão emocional do enfermeiro que presta cuidados em ajuda humanitária
internacional$fTânia Alexandra de Almeida Martins de Almeida e Silva$gorient. Paula Manuela Jorge Diogo, Maria Luísa Torres Queiroz de Barros 210 #9 $aLisboa$c[s.n.],$d2026 215 ## $a136 p.$d30 cm$ecurriculum vitae (14 p.) 328 #1 $aTese dout. Enfermagem, Universidade de Lisboa, 2026 700 #1 $aSilva,$bTânia Alexandra de Almeida Martins de Almeida e,$f1984-$31999955 702 #1 $aDiogo,$bPaula$4727$31271162 702 #1 $aBarros,$bMaria Luísa Torres Queirós de,$f1957-$4727$384503 801 #0 $aPT$bBN$gRPC 966 ## $lBN$mFGMON$x1 971 ## $cjbeatriz$d20260602
|
|
|